Normal view
MARC view
Entry Personal Name
001 - CONTROL NUMBER
- control field: 66741
003 - CONTROL NUMBER IDENTIFIER
- control field: OSt
005 - DATE AND TIME OF LATEST TRANSACTION
- control field: 20170202122158.0
008 - FIXED-LENGTH DATA ELEMENTS
- fixed length control field: 170202|| aca||aabn | a|a d
040 ## - CATALOGING SOURCE
- Original cataloging agency: OSt
- Transcribing agency: OSt
100 ## - HEADING--PERSONAL NAME
- Personal name: ठाकुर डॉ डी के
670 ## - SOURCE DATA FOUND
- Source citation: Work cat.: (OSt)42763: ठाकुर डॉ डी के , किशोरावस्था समस्या एवं समाधान, 2009









